• 首页
  • 本馆介绍
  • 公告通知
  • 最新文献
  • 馆藏检索
  • 电子资源
  • 读者导购
  • 参考咨询
  • 我的图书馆
  • 登录
  • 详细信息显示
  • 放入我的书架
  • 预约/预借图书
  • 作者相关作品
  • 分类相关作品
  • 丛书相关作品
  • 出版社相关作品

书目信息

  • 表格格式
  • 工作单格式
  • 卡片格式
题名:
中国物流交易模式理论
    
 
作者: 李学伟 著
分册:  
出版信息: 北京   北京交通大学出版社  2004
页数: 196页
开本: 23cm
丛书名:
单 册:
中图分类: F259.23
科图分类:
主题词: 物流--物资管理--模式--中国
电子资源:
ISBN: 7-81082-204-7
000 00801nam0 2200217 45
001 002638638
005 20050322085241.8
010    @a7-81082-204-7@dCNY28.00
100    @a20040510d2004 em y0chiy0110 ea
101 0  @achi
102    @aCN@b110000
105    @ay z 000yy
200 1  @a中国物流交易模式理论@Azhong guo wu liu jiao yi mo shi li lun@f李学伟等著@FLi Xue Wei Deng Zhu
210    @a北京@c北京交通大学出版社@c清华大学出版社@d2004
215    @a196页@d23cm
330    @a本书从经济学角度研究了我国物流交易模式的选择理论,并结合案例就较佳的交易模式进行分析,涉及对我国物流交易模式的选择理论的提出、对物流交易成本与效率的保障机制的研究等。
606 0  @a物流@x物资管理@x模式@y中国
690    @aF259.23
701  0 @a李学伟@4著
801  0 @aCN@bNLC@c20040531
905    @f3@b345592-594@dF259.23@e8
    
    中国物流交易模式理论/李学伟等著.-北京:北京交通大学出版社:清华大学出版社,2004
    196页;23cm
    
    
    ISBN 7-81082-204-7:CNY28.00
    本书从经济学角度研究了我国物流交易模式的选择理论,并结合案例就较佳的交易模式进行分析,涉及对我国物流交易模式的选择理论的提出、对物流交易成本与效率的保障机制的研究等。
●
相关链接 在E读中查询图书 在五车中查询图书 在当当中查询图书 在豆瓣中查询图书


正题名:中国物流交易模式理论     索取号:F259.23/8         预约/预借

序号 登录号 条形码 馆藏地/架位号 状态 备注
1 0345592   203455929   第一样本阅览室/ [索取号:F259.23/8] 在馆    
2 0345593   203455938   第一借阅区/ [索取号:F259.23/8] 在馆    
3 0345594   203455947   第一借阅区/ [索取号:F259.23/8] 在馆    
唐山师范学院图书馆 欢迎您!
大连网信软件有限公司© 版权所有